| 000 | 01060nam a2200229 a 4500 | ||
|---|---|---|---|
| 001 | 57884 | ||
| 003 | BD-RjUL | ||
| 005 | 20211209080549.0 | ||
| 008 | 161212s1999 ii ||||| |||| 00| 0 ben d | ||
| 035 | _a(BD-RjUL)58008 | ||
| 040 |
_aBD-RjUL _bben _cBD-RjUL _dBD-RjUL |
||
| 041 | _aben | ||
| 082 |
_223 _a303.4840904 _bBAU 1999 |
||
| 100 |
_aবন্দ্যোপাধ্যায়, রণজিৎ _9171934 |
||
| 245 | 1 | 0 |
_aউনিশ শতকে নারীমুক্তি আন্দোলন ও বাংলা সাহিত্য (১৮৫০-১৯০০) / _cরণজিৎ বন্দ্যোপাধ্যায় |
| 260 |
_aকলকাতা : _bপুস্তক বিপণি, _c১৯৯৯. |
||
| 300 |
_a২৭৮ পৃ. : _bচিত্র ; _c২৩ সেমি. |
||
| 500 | _aনির্ঘন্ট সংযুক্ত | ||
| 650 |
_aসমাজ সংস্কার আন্দোলন _yউনিশ শতক _9171935 |
||
| 650 |
_aSocial reform movements _yNineteenth century, _9171936 |
||
| 942 |
_2ddc _cBK |
||
| 999 |
_c57884 _d57884 |
||